00269nam a2200121Ia 4500100002100000250000600021654001500027245004100042260002700083082001700110300000800127546001200135 aCharniak Eugene  a2 aartificial aArtificial intelligence Programming bLawrence Erlbauc1987 a6.3bCHA/RIE a533 aENGLISH